00726nam a2200169 a 4500008004100000020001500041050001600056100001600072245007900088260007500167300001500242650002800257650002800285995009400313999001700407952013200424130426s2001 ||||||||||||||||| || u a1862011168 aHD 58.7 Cla aClark, Alan10aLearning organisations: what they are and how to become onecby Alan Clark aLeicester:bThe National Organisation for Adult Learning (NIACE)c2001 a50p.: ill. aORGANIZATIONAL BEAVIOUR aORGANIZATIONAL LEARNING FCBU-MAIN LIBRARY (Kitwe)M1UAVAILABLEWJun 21, 2013ZMain Library Open Access Collection c49022d49022 00102lcc4070a001b001cMain Library Open Access Collectiond2022-11-30l0oHD 58.7 Clap744111r2022-11-30w2022-11-30y002